|
|
|
|
| LEADER |
00000nam0a2200000 4500 |
| 001 |
276051 |
| 005 |
20231101234901.0 |
| 020 |
|
|
|a RU
|b 86-9246
|
| 035 |
|
|
|a (RuTPU)RU\TPU\book\299304
|
| 090 |
|
|
|a 276051
|
| 100 |
|
|
|a 20141118d1986 k y0rusy5003 ca
|
| 101 |
0 |
|
|a rus
|
| 102 |
|
|
|a RU
|
| 105 |
|
|
|a y z 000zy
|
| 200 |
1 |
|
|a Вербальное кодирование в познавательных процессах: анализ признаков слухового образа
|f Б. Ф. Ломов, А. В. Беляева, В. Н. Носуленко
|g под ред. Ю. М. Забродина
|
| 210 |
|
|
|a Москва
|c Наука
|d 1986
|
| 215 |
|
|
|a 128 с.
|
| 606 |
1 |
|
|a Распознавание образов
|x Психология
|2 stltpush
|3 (RuTPU)RU\TPU\subj\53435
|9 71693
|
| 610 |
1 |
|
|a звук
|
| 610 |
1 |
|
|a восприятие
|
| 610 |
1 |
|
|a психофизиологические основы
|
| 610 |
1 |
|
|a слуховые образы
|
| 610 |
1 |
|
|a познавательные процессы
|
| 610 |
1 |
|
|a кодирование
|
| 686 |
|
|
|a Ю935.11
|v LBC/SL-A
|2 rubbk
|
| 700 |
|
1 |
|a Ломов
|b Б. Ф.
|g Борис Федорович
|4 070
|
| 701 |
|
1 |
|a Беляева
|b А. В.
|g Александра Владимировна
|
| 701 |
|
1 |
|a Носуленко
|b В. Н.
|g Валерий Николаевич
|
| 702 |
|
1 |
|a Забродин
|b Ю. М.
|4 340
|
| 801 |
|
0 |
|a RU
|b RuMRKP
|c 19950704
|g psbo
|
| 801 |
|
1 |
|a RU
|b 63413507
|c 20141118
|
| 801 |
|
2 |
|a RU
|b 63413507
|c 20170130
|g RCR
|
| 942 |
|
|
|c BK
|